• 首页
  • 本馆介绍
  • 公告通知
  • 最新文献
  • 馆藏检索
  • 电子资源
  • 读者导购
  • 参考咨询
  • 我的图书馆
  • 登录
  • 详细信息显示
  • 放入我的书架
  • 预约/预借图书
  • 作者相关作品
  • 分类相关作品
  • 丛书相关作品
  • 出版社相关作品

书目信息

  • 表格格式
  • 工作单格式
  • 卡片格式
题名:
会计 出纳 财务报表实用全书
    
 
作者: 王言 编著
分册:  
出版信息: 北京   电子工业出版社  2017.08
页数: 12,465页
开本: 26cm
丛书名:
单 册:
中图分类: F23 , F231.5
科图分类:
主题词: 会计--基本知识 , 会计报表--基本知识 , 出纳--基本知识
电子资源:
ISBN: 978-7-121-31559-6
000 01180nam0 2200301 450
001 0120172249816
005 20170911094656.03
010    @a978-7-121-31559-6@dCNY69.00
100    @a20170821d2017 em y0chiy50 ea
101 0  @achi
102    @aCN@b110000
105    @aak z 000yy
106    @ar
200 1  @a会计 出纳 财务报表实用全书@9kuai ji chu na cai wu bao biao shi yong quan shu@f王言编著
205    @a2版
210    @a北京@c电子工业出版社@d2017.08
215    @a12,465页@c图@d26cm
300    @a畅销经典 营改增版
330    @a本书是一本专门面向财务和会计人员的知识手册,从会计、出纳和财务报表的不同侧面介绍财会从业者必须掌握的专业知识。全书共分为三篇28章,包括会计业务与技能详解、出纳业务与技能详解和财务报表分析与技能详解三大篇幅的内容。书中详细地介绍了关于会计人员的职位要求、会计记账、凭证管理、账务处理、现金管理、资产负债表、利润表、现金流量表及相关财务报表的综合分析等内容。
333    @a财务和会计人员
606 0  @a会计@x基本知识
606 0  @a会计报表@x基本知识
606 0  @a出纳@x基本知识
690    @aF23@v5
690    @aF231.5@v5
701  0 @a王言@9wang yan@4编著
801  0 @aCN@b人天书店@c20170821
905    @b1071776-81@dF23@e546=2@f6
    
    会计 出纳 财务报表实用全书/王言编著.-2版.-北京:电子工业出版社,2017.08
    12,465页:图;26cm
    畅销经典 营改增版.-使用对象:财务和会计人员
    
    ISBN 978-7-121-31559-6:CNY69.00
    本书是一本专门面向财务和会计人员的知识手册,从会计、出纳和财务报表的不同侧面介绍财会从业者必须掌握的专业知识。全书共分为三篇28章,包括会计业务与技能详解、出纳业务与技能详解和财务报表分析与技能详解三大篇幅的内容。书中详细地介绍了关于会计人员的职位要求、会计记账、凭证管理、账务处理、现金管理、资产负债表、利润表、现金流量表及相关财务报表的综合分析等内容。
●
相关链接 在E读中查询图书 在五车中查询图书 在当当中查询图书 在豆瓣中查询图书


正题名:会计 出纳 财务报表实用全书     索取号:F23/546=2         预约/预借

序号 登录号 条形码 馆藏地/架位号 状态 备注
1 1071776   210717768   第一样本阅览室/ [索取号:F23/546=2] 在馆    
2 1071777   210717777   第一借阅区/ [索取号:F23/546=2] 在馆    
3 1071778   210717786   第一借阅区/ [索取号:F23/546=2] 在馆    
4 1071779   210717795   第一借阅区/ [索取号:F23/546=2] 在馆    
5 1071780   210717802   第一借阅区/ [索取号:F23/546=2] 在馆    
6 1071781   210717811   密集书库-海洋学院/ [索取号:F23/546=2] 在馆    
唐山师范学院图书馆 欢迎您!
大连网信软件有限公司© 版权所有